| 000 | 01072cam a22002774a 4500 | ||
|---|---|---|---|
| 001 | 11933905 | ||
| 003 | OSt | ||
| 005 | 20230703092406.0 | ||
| 008 | 000307s2000 ncu b 001 0 eng | ||
| 010 | _a 00022721 | ||
| 020 | _a0822325284 (cloth : alk. paper) | ||
| 040 |
_aDLC _cDLC _dDLC |
||
| 042 | _apcc | ||
| 043 | _an-us--- | ||
| 082 | 0 | 0 |
_a352.6 _bGER |
| 100 | 1 |
_aGerhardt, Michael J., _d1956- |
|
| 245 | 1 | 4 |
_aThe Federal appointments process : _ba constitutional and historical analysis / _cMichael J. Gerhardt. |
| 260 |
_aDurham : _bDuke University Press, _c2000. |
||
| 300 |
_aix, 400 p. ; _c24 cm. |
||
| 440 | 0 | _aConstitutional conflicts | |
| 504 | _aIncludes bibliographical references and index. | ||
| 651 | 0 |
_aUnited States _xOfficials and employees _xSelection and appointment _xHistory. |
|
| 906 |
_a7 _bcbc _corignew _d1 _eocip _f20 _gy-gencatlg |
||
| 942 |
_2ddc _cBK |
||
| 999 |
_c3147 _d3147 |
||